000 00683nam a2200277Ia 4500
005 20260320195909.0
008 008 262003s9999 xx 000 0 hin d
020 _a9789389598773
037 _aEBOOK
040 _aCRL
040 _bhin
040 _cCRL
041 _2hin
041 _ahin
084 _qCRL
100 _aउदयन वाजपेई
_91132900
245 0 _aआधुनिकता और पैगन सभ्यताएँ
250 _a1st
260 _bRajkamal
260 _c2021
300 _a128
856 _uhttps://ebook.indiaread.in/pdfs/9789389598773.pdf
942 _cEBOOK
999 _c1717066
_d1717066